MDQL
is popping MORE tags! Check the
thread
!
Quizzes
Events
Quiz Creation
Community
Videos
Private Events
Remove Ads
Sign In
Join for FREE
Feedback
Dark Mode
Quiz Categories
Sports
Geography
Music
Movies
Television
Just For Fun
Miscellaneous
History
Literature
Language
Science
Gaming
Entertainment
Religion
Holiday
For Kids
Quiz Lab
Recent
Popular Today
Quiz Kudos Today
Editor Picks
Curator Picks
Quizzes by...
Day
Popularity
Type
Ratings
Length
Year
Community
Subscriptions
Recent Discussions
Orange Saloon
Badges
Playlists
Quests
Create
Leaderboards
Showdown
Live 5
Trivia Bingo
Activity
Puzzle Library
Sporcle Events
Private Events
Virtual Trivia
Globe League
Become a Host
Pub Owners
SporcleCon
Opinionation
Our Games
Videos
Blog
Mobile Apps
Partnerships
Remove Ads and Go Orange
Feedback
History
US Presidents
World Leaders
Politics
Nation
Discovery
War
Decade
Year
Century
Biography
Art
History
US Presidents
World Leaders
Politics
Nation
Discovery
War
Decade
Year
Century
Biography
Art
Random Quiz
Search Sporcle
×
Quiz Lab
Quiz Lab
History
French
Type in answers that appear in a list
Type in answers that appear in a list
Classic
Best Score? Go Orange.
Key People in the French Revolution Stats
Can you name the Key People in the French Revolution?
By
civilwarhero96
5m
10 Questions
2,064 Plays
2,064 Plays
2,064 Plays
Comments
Comments
Give Quiz Kudos
Give Quiz Kudos
-
- Ratings
hide this ad
Replay
Link that replays current quiz
Next Quiz
Link to next quiz in quiz playlist
You Got
0%
They Got
Avg Score
51%
Avg Friend Score
Upgrade to see
Score Distribution
Jump to the score distribution portion of the page
Score
0/10
Timer
05:00
0
Plays Today
Description
Person
% Correct
King of France During Revolution
King Louis XVI
89.1%
Gave Latin Address to King Louis XVI, Started Reign of Terror
Robespierre
87.9%
Queen of France
Marie-Antoinette
82.9%
Leader of French army and self prclaimed emperor of France
Napoleon
75.9%
Rival of Robespierre Last words 'My only regret is that I died before that rat! Robespierre'
Danton
50.2%
Author of L'amis de Peouple
Marat
42.3%
'Tgose Without Knee Breeches'
Sans Culottes
42.1%
Murdered Murat
Charlotte Corday
35%
Group that marched to Versailles
Fish Women
8.7%
Inventor of Guillotine
Joseph Ignance de Guillotin
0.9%
Quiz Playlist
Details
Report
Send in Message
Add To Playlist
Classic:
Type in answers that appear in a list
Last Updated: Feb 16, 2017
Quiz Scoreboard
CHALLENGE
Sign Up to Join the Scoreboard
Show All
Scores
Hide
Comments
May contain spoilers
Recently Published
Holiday 10x10 Sorting Gallery
by lukepisani3
Holiday
15m
Two Season TV Shows II
by 123Four
Television
10m
Image Sorting: Flags VI
by Barbecue
Geography
2m
More to Explore
Quiz From the Vault
Featured Blog Post
14 Easter Pick-up Lines to Find Eggs With
hide this ad
You Might Also Like...
Tags
French Quiz
description
Key
Key People
Person
Revolution
Today's Top Quizzes in History
Browse History
hide this ad
Today's Top Quizzes in French
Browse French
Top Contributed Quizzes in History
1
I Am Born On March 29th
2
Order Up: 1000 Years of World Events I
3
US National Parks Named After People
4
Popular People in 1991
5
Popular People in 1951
6
Popular People in 1941
7
Popular People in 1981
8
Popular People in 1986
9
Popular People in 1976
10
Popular People in 1921
Explore More
Trending Topics
Crossword
Anime
Marvel
NBA
Harry Potter
Disney
Kpop
Puzzle
Pokémon
Soccer
NFL
WWE
Country
The Office
Song
hide this ad
More By:
civilwarhero96
Quiz
Plays
Rating
Category
Featured
Created
French: Clothing
17,190
4.25
Language
Jan 25, 2010
Key People in the French Revolution
2,064
1.79
History
Dec 7, 2009
Norse Mythology- The Ultimate Quiz
853
2.25
Religion
May 19, 2011
Events in the French Revolution
657
2.25
History
Dec 6, 2009
Events ofThe American Revolution
638
3.50
History
Jan 5, 2010
Go to Creator's Profile
Score Distribution
Quiz Creator Spotlight
civilwarhero96
Follow
Send a Message
Quizzes Created
-
Created Quiz Play Count
-
More By This Creator
Popular Quizzes Today
1
Find the US States - No Outlines Minefield
2
Colored Red Africa Blitz
3
Find the 'City' Movie
4
The Countries of the World
5
5x2 Blitz: Bands
6
Find the Countries of Europe - No Outlines Minefield
7
Find the US States
8
US States
More History Quizzes
Was It a Country in the Year 1900 AD?
Published
Trending Quizzes
Colored Red Europe Blitz I
Colored Red Europe Blitz II
Colored Red Africa Blitz II
Even More Two Season TV Shows
Colored Red Africa Blitz III
Recently Updated
Odd Team Out - Big 4 Players
pecheneg
Quick Pick: 20 Twenties
pecheneg
March Madness Men's Triple Doubles
pecheneg
How Do You Spell That?
pecheneg
Godzilla Movies
pecheneg
Grab Bag: 4-10 Letters
pecheneg
2024 March Madness Bracket
pecheneg
Famous TV Couples
Peacemaker
Champions League XIs: Real Madrid
pecheneg
Largest US Cities 1790-2010
pecheneg
Trending Topics
Harry Potter
Marvel
Crossword
Kpop
Anime
NBA
Disney
Puzzle
The Office
Pokémon
NFL
Song
Soccer
Country
WWE
Your Account Isn't Verified!
In order to create a playlist on Sporcle, you need to verify the email address you used during registration. Go to your
Sporcle Settings
to finish the process.
Report this User
Report this user for behavior that violates our
Community Guidelines
.
Details:
Send Report
Go to the Sporcle.com Mobile Site →
Comments